Curso didático de direito processual civil / (Record no. 987)

MARC details
000 -LÍDER
Campo Fixo de Controle 00711nam a2200241 a 4500
001 - NÚMERO DE CONTROLE
Campo de Controle 987
003 - IDENTIFICAÇÃO DO NÚMERO DE CONTROLE
Campo de Controle BR-CuiBMT
005 - DATA E HORA DA ÚLTIMA ATUALIZAÇÃO
Campo de Controle 20231124202312.0
008 - DADOS FIXOS
Dados Fixos 231124s2018 spba 000 0 por d
020 ## - INTERNATIONAL STANDARD BOOK NUMBER
Nº do ISBN 9788597015195
040 ## - AGÊNCIA CATALOGADORA
Código da Agência Catalogadora BR-CuiBMT
Agência que transcreveu o registro BR-CuiBMT
080 ## - Nº DA CLASSIFICAÇÃO DECIMAL UNIVERSAL
Nº edição CDU 2007
Nº Class. CDU 347.91/.95
090 ## - NÚMERO DE CHAMADA
Nº classificação 347.91/.95
Cutter N972c
Ano/Edição 21. ed.
100 1# - ENTRADA PRINCIPAL -- AUTOR PESSOAL
Nome pessoal Nunes, Elpídio Donizetti
Datas associadas ao nome 1956-
245 10 - TÍTULO PRINCIPAL
Título principal Curso didático de direito processual civil /
Indicação de responsabilidade Elpídio Donizetti.
250 ## - EDIÇÃO
Edição 21. ed. rev., atual e ampl.
260 ## - PUBLICAÇÃO, DISTRIBUIÇÃO, ETC.
Local de publicação São Paulo :
Editora Atlas,
Data 2018.
300 ## - DESCRIÇÃO FÍSICA
N. páginas ou volumes 1506 p. :
Ilustrações il. color. ;
Dimensões 25 cm
504 ## - NOTA DE BIBLIOGRAFIA, ETC.
Nota de bibliografia Inclui bibliografia.
650 ## - ASSUNTO TÓPICO
Cabeçalho tópico ou nome geográfico Direito processual
650 ## - ASSUNTO TÓPICO
Cabeçalho tópico ou nome geográfico Processo civil
942 ## - ELEMENTOS DE ENTRADA ADICIONAIS (KOHA)
Fonte de classificação ou esquema de arquivamento Classificação Decimal Universal
Tipo de item do Koha Livros
Holdings
Estado: removido Estado: perdido Fonte de classificação ou esquema de arquivamento Estado: danificado Indisponível para empréstimo Localização permanente Localização atual Data de aquisição Total Checkouts Número de Chamada completo Código de barras Date last seen Número do exemplar Preço efetivo a partir de Tipo de item (Koha)
    Classificação Decimal Universal     Biblioteca da Escola Superior de Contas do TCE/MT Biblioteca da Escola Superior de Contas do TCE/MT 23/04/2018   347.91/.95 D972c 21. ed. BIBTCEMT23111062 24/11/2023 Ex. 1 24/11/2023 Livros

Powered by Koha